Banskobystrické noviny spoločensko-hospodársky nepolitický týždenník

Bibliographic Details
Format: Newspaper
Language:Slovak
PhysicalDescription:2 zv. 42 cm
Published: Banská Bystrica Ondrej Žabka 1934-1935
ISSN:1337-2580
Subjects:

MARC

LEADER 00000cas a2200000 a 4500
001 vtls001316088
003 SK-MaSNL
005 20260425193949.0
008 980113d19341935xo wr|ne 0 0b0slo
022 |a 1337-2580 
035 |a SNK000268592 
040 |a SNK  |b slo  |c SNK  |e AACR2 
041 0 |a slo 
044 |a xo  |c SK 
072 7 |a 316.7  |x Sociológia kultúry. Kultúrny život  |2 konspekt 
080 |a 316.728  |2 2011 
080 |a (437.6)  |2 2011 
080 |a 050  |2 2001 
080 |a (051)+(054)(437.6)  |2 2011 
210 0 |a Banskobystrické nov. 
222 0 |a Banskobystrické noviny 
245 0 0 |a Banskobystrické noviny  |b spoločensko-hospodársky nepolitický týždenník 
260 |a Banská Bystrica  |b Ondrej Žabka  |c 1934-1935 
300 |a 2 zv.  |c 42 cm 
310 |a 1x týždenne 
362 0 |a Roč. 1, č. 1 (23. febr. 1934)-roč. 2, č. 10 (8. mar. 1935) 
500 |a Zodp. red.: Ondrej Žabka 
650 0 7 |a spoločenský život  |2 SNKPH  |9 28654 
651 7 |a Banská Bystrica (Slovensko : okres)  |2 SNKPHgeo  |9 74246 
655 7 |a regionálne periodiká  |2 SNKPH  |9 131775 
850 |a Slovenská národná knižnica v Martine 
910 |a snk 
999 |c 72  |d 72 
952 |a SNK  |b SNK  |y PREZ  |7 0  |p 17A0111943  |o snkČSA 393/1/1934  |0 0  |1 0  |4 0  |d 1998-01-13  |l 0  |r 2005-01-02 00:00:00  |w 2026-02-21